| 000 | 00465nam a2200181Ia 4500 | ||
|---|---|---|---|
| 001 | 15491 | ||
| 005 | 20260306170200.0 | ||
| 008 | 260306t2004||||xx |||||||||||||| ||und|| | ||
| 041 | _aESP | ||
| 082 |
_a541.3 _bF49 |
||
| 100 |
_aFigueruelo, Juan E. _eAUT |
||
| 245 | 0 | _aQuímica física del ambiente y de los procesos medioambientales | |
| 260 | _c2004 | ||
| 300 |
_axv, 591 páginas : _c24 cm. |
||
| 650 | _aGEN | ||
| 654 | _aCCN | ||
| 942 |
_cLIB _dJUS _fJUS _2ddc _n |
||
| 999 |
_c15491 _d15491 |
||